|
|
|
|
| LEADER |
00000nam a2200000 i 4500 |
| 001 |
DIGUPERCA0071 |
| 003 |
NyNyDIG |
| 006 |
m o d |
| 007 |
cr ||||||||||| |
| 008 |
200724s2015 pe bh 000 0cspa d |
| 035 |
|
|
|a (OCoLC)1191862129
|
| 040 |
|
|
|a DGITA
|b eng
|e rda
|e pn
|c DGITA
|
| 020 |
|
|
|a 9786124191527
|q eBook
|q ePub
|
| 020 |
|
|
|a 6124191520
|q eBook
|q ePub
|
| 020 |
|
|
|a 9786124041594
|q eBook
|q pdf
|
| 020 |
|
|
|a 6124041596
|q eBook
|q pdf
|
| 020 |
|
|
|z 9786034019904
|q versión impresa
|
| 020 |
|
|
|a 6034019907
|q versión impresa
|
| 050 |
1 |
4 |
|a CT736 ebook
|
| 082 |
0 |
4 |
|a 920.085
|
| 245 |
0 |
0 |
|a Veinte peruanos del siglo XX /
|c Pedro Cateriano Bellido (compilador)
|
| 246 |
3 |
|
|a Veinte peruanos del siglo 20
|
| 246 |
3 |
|
|a Veinte peruanos del siglo veinte
|
| 246 |
3 |
|
|a 20 peruanos del siglo XX
|
| 264 |
|
1 |
|a Lima :
|b UPC, Universidad Peruana de Ciencias Aplicadas,
|c [2015]
|
| 300 |
|
|
|a 1 online resource.
|
| 336 |
|
|
|a text
|b tx
|2 rdacontent
|
| 337 |
|
|
|a computer
|b c
|2 rdamedia
|
| 338 |
|
|
|a online resource
|b cr
|2 rdacarrier
|
| 347 |
|
|
|a text file
|2 rdaft
|
| 347 |
|
|
|b EPUB
|
| 347 |
|
|
|b PDF
|
| 504 |
|
|
|a Includes bibliographical references.
|
| 505 |
0 |
|
|a Manuel González Prada -- Francisco García Calderón -- Víctor Andrés Belande -- José de la Riva-Agüero y Osma -- César Vallejo --Honorio Delgado --José Luis Bustamante y Rivero -- Pedro G. Beltrán -- José Carlos Mariátegui -- Víctor Raúl Haya de la Torre -- Raúl Porras Barrenechea -- Luis Alberto Sánchez -- Jorge Basadre -- José María Arguedas -- Fernando Belaunde Terry -- Luis Bedoya Reyes -- Fernando de Szyszlo -- Blanca Varela -- Luis Banchero Rossi -- Mario Vargas Llosa.
|
| 588 |
0 |
|
|a Online resource; title from ePub title page (Digitalia, viewed July 28, 2020)
|
| 650 |
|
0 |
|a Peru
|v Biography.
|
| 651 |
|
0 |
|a Peru
|x History
|y 20th century
|v Biography.
|
| 655 |
|
7 |
|a Biographies.
|2 lcgft
|
| 655 |
|
0 |
|a Electronic books.
|
| 700 |
1 |
|
|a Cateriano Bellido, Pedro,
|d 1958-
|e editor.
|
| 791 |
2 |
|
|a Digitalia (Firm),
|e distributor.
|
| 793 |
0 |
|
|g Digitalia eBook Collection:
|a Universidad Peruana de Ciencias Aplicadas
|
| 776 |
0 |
8 |
|i Print version:
|t Veinte peruanos del siglo XX.
|b Primera edición.
|d Lima : UPC, Universidad Peruana de Ciencias Aplicadas,2010
|z 9786034019904
|
| 856 |
4 |
0 |
|3 Digitalia Hispánica
|u https://www.digitaliapublishing.com/a/45627/
|
| 910 |
|
|
|a Premium collection: 2020
|